| 000 | 00373nam a2200133Ia 4500 | ||
|---|---|---|---|
| 005 | 20251222144637.0 | ||
| 008 | 251222s9999||||xx |||||||||||||| ||spa|| | ||
| 020 | _a950-550-298-2 | ||
| 082 | _a372.21/A16 | ||
| 100 | _aAbuchedid, Patricia Claudia | ||
| 245 | 0 | _aLas Experiencias Directas en el Nivel: 3 a 5 años | |
| 264 | _bMagisterio del Río de la Plata | ||
| 942 | _cLIB | ||
| 999 |
_c16517 _d16517 |
||